[Event "Uppvarmning"]
[Site "?"]
[Date "2012.08.28"]
[Round "1.1"]
[White "Grundel, Sam"]
[Black "Halvarsson, Peter"]
[Result "*"]
[LiveChessVersion "1.3.1"]
[BlackElo "1958"]
[WhiteElo "1670"]

1. e4 {[%clk 0:20:15]} c5 {[%clk 0:20:19]} 2. Nf3 {[%clk 0:20:23]} Nc6
{[%clk 0:20:28]} 3. d4 {[%clk 0:20:32]} cxd4 {[%clk 0:20:37]} 4. Nxd4
{[%clk 0:20:40]} g6 {[%clk 0:20:45]} 5. c4 {[%clk 0:20:06]} Bg7 {[%clk 0:20:53]}
6. Nc2 {[%clk 0:20:02]} d6 {[%clk 0:20:59]} 7. Nc3 {[%clk 0:20:05]} Nf6
{[%clk 0:20:09]} 8. Be2 {[%clk 0:19:59]} Be6 {[%clk 0:20:09]} 9. O-O
{[%clk 0:19:23]} O-O {[%clk 0:19:48]} 10. Be3 {[%clk 0:19:30]} Ne5
{[%clk 0:19:40]} 11. b3 {[%clk 0:19:11]} b6 {[%clk 0:15:26]} 12. Nd4
{[%clk 0:18:21]} Bd7 {[%clk 0:15:34]} 13. h3 {[%clk 0:17:33]} Qc8
{[%clk 0:15:00]} 14. Nd5 {[%clk 0:12:50]} Nxd5 {[%clk 0:14:11]} 15. exd5
{[%clk 0:12:22]} f5 {[%clk 0:12:44]} 16. Qd2 {[%clk 0:11:52]} Nf7
{[%clk 0:12:00]} 17. Rac1 {[%clk 0:11:42]} Kh8 {[%clk 0:09:37]} 18. Bf3
{[%clk 0:11:31]} Ne5 {[%clk 0:09:00]} 19. Be2 {[%clk 0:11:08]} Qe8
{[%clk 0:09:08]} 20. Rfe1 {[%clk 0:09:40]} Rg8 {[%clk 0:05:41]} 21. f4
{[%clk 0:04:08]} Nf7 {[%clk 0:05:45]} 22. Bf3 {[%clk 0:03:39]} Rc8
{[%clk 0:05:37]} 23. Bf2 {[%clk 0:01:16]} Bf6 {[%clk 0:05:43]} 24. Ne6
{[%clk 0:01:04]} Nd8 {[%clk 0:05:05]} 25. Nxd8 {[%clk 0:01:00]} Rxd8
{[%clk 0:04:58]} 26. Bd4 {[%clk 0:00:43]} Qf8 {[%clk 0:05:07]} 27. Qc3
{[%clk 0:00:37]} Bxd4+ {[%clk 0:04:07]} 28. Qxd4+ {[%clk 0:00:46]} Qg7
{[%clk 0:04:17]} 29. Qe3 {[%clk 0:00:32]} Rde8 {[%clk 0:04:13]} 30. Rc2
{[%clk 0:00:38]} Qf6 {[%clk 0:03:48]} 31. Rce2 {[%clk 0:00:29]} Rg7
{[%clk 0:03:57]} 32. Qc1 {[%clk 0:00:34]} Qd4+ {[%clk 0:03:51]} 33. Kh1
{[%clk 0:00:40]} a5 {[%clk 0:03:50]} 34. Qe3 {[%clk 0:00:36]} Qxe3
{[%clk 0:03:53]} 35. Rxe3 {[%clk 0:00:45]} Kg8 {[%clk 0:03:53]} 36. a3
{[%clk 0:00:54]} Kf8 {[%clk 0:03:59]} 37. Rc1 {[%clk 0:00:20]} Rc8
{[%clk 0:04:01]} 38. Rec3 {[%clk 0:00:27]} Kf7 {[%clk 0:02:50]} 39. b4
{[%clk 0:00:35]} a4 {[%clk 0:02:59]} 40. c5 {[%clk 0:00:40]} dxc5
{[%clk 0:02:24]} 41. bxc5 {[%clk 0:00:49]} bxc5 {[%clk 0:02:22]} 42. Rxc5
{[%clk 0:00:58]} Rxc5 {[%clk 0:02:31]} 43. Rxc5 {[%clk 0:01:07]} Rg8
{[%clk 0:02:34]} 44. Bd1 {[%clk 0:00:35]} Rb8 {[%clk 0:02:36]} 45. Kh2
{[%clk 0:00:44]} Rb1 {[%clk 0:02:00]} 46. Bc2 {[%clk 0:00:53]} *

[Event "Uppvarmning"]
[Site "?"]
[Date "2012.08.28"]
[Round "1.2"]
[White "Tchonnikine, Nicolas"]
[Black "Ståhlberg, Adam"]
[Result "1/2-1/2"]
[LiveChessVersion "1.3.1"]
[BlackElo "1958"]
[WhiteElo "1570"]

1. d4 {[%clk 0:20:15]} d5 {[%clk 0:20:17]} 2. Nf3 {[%clk 0:20:23]} Nf6
{[%clk 0:20:25]} 3. c4 {[%clk 0:20:29]} c6 {[%clk 0:20:34]} 4. Bg5
{[%clk 0:20:37]} e6 {[%clk 0:20:43]} 5. Nc3 {[%clk 0:20:45]} Be7 {[%clk 0:20:51]}
6. e3 {[%clk 0:20:54]} O-O {[%clk 0:20:58]} 7. cxd5 {[%clk 0:21:02]} exd5
{[%clk 0:21:03]} 8. Bd3 {[%clk 0:21:10]} h6 {[%clk 0:20:01]} 9. Bh4
{[%clk 0:20:23]} Be6 {[%clk 0:20:09]} 10. O-O {[%clk 0:20:28]} Nbd7
{[%clk 0:20:18]} 11. Re1 {[%clk 0:20:27]} Re8 {[%clk 0:20:25]} 12. Rb1
{[%clk 0:20:24]} a5 {[%clk 0:20:22]} 13. a3 {[%clk 0:20:29]} Bg4 {[%clk 0:16:55]}
14. h3 {[%clk 0:18:13]} Bxf3 {[%clk 0:16:58]} 15. Qxf3 {[%clk 0:18:20]} Nf8
{[%clk 0:15:42]} 16. e4 {[%clk 0:17:19]} dxe4 {[%clk 0:15:47]} 17. Nxe4
{[%clk 0:17:27]} Nxe4 {[%clk 0:15:42]} 18. Bxe7 {[%clk 0:17:34]} Rxe7
{[%clk 0:15:35]} 19. Bxe4 {[%clk 0:17:19]} Rd7 {[%clk 0:15:32]} 20. Qb3
{[%clk 0:12:40]} Ne6 {[%clk 0:12:20]} 21. d5 {[%clk 0:09:49]} cxd5
{[%clk 0:12:01]} 22. Bf5 {[%clk 0:09:56]} Nd4 {[%clk 0:10:37]} 23. Qd3
{[%clk 0:10:05]} Nxf5 {[%clk 0:10:45]} 24. Qxf5 {[%clk 0:10:13]} g6
{[%clk 0:04:19]} 25. Qf4 {[%clk 0:09:16]} Qf8 {[%clk 0:04:21]} 26. Re2
{[%clk 0:09:18]} Kh7 {[%clk 0:04:12]} 27. Rbe1 {[%clk 0:09:24]} Rad8
{[%clk 0:03:57]} 28. Qd4 {[%clk 0:08:52]} Qg7 {[%clk 0:03:18]} 29. Qb6
{[%clk 0:09:00]} Ra8 {[%clk 0:03:20]} 30. Qb5 {[%clk 0:07:41]} Rad8
{[%clk 0:02:17]} 31. Qxa5 {[%clk 0:07:38]} Qf6 {[%clk 0:02:24]} 32. Qb5
{[%clk 0:06:59]} Qc6 {[%clk 0:02:25]} 33. Qd3 {[%clk 0:06:31]} Qc4
{[%clk 0:02:22]} 34. Qxc4 {[%clk 0:06:23]} dxc4 {[%clk 0:02:30]} 35. Re7
{[%clk 0:06:32]} Kg7 {[%clk 0:02:27]} 36. R1e4 {[%clk 0:06:14]} b5
{[%clk 0:02:32]} 37. R4e5 {[%clk 0:06:00]} Rxe7 {[%clk 0:02:40]} 38. Rxe7
{[%clk 0:06:09]} Rb8 {[%clk 0:02:49]} 39. Re4 {[%clk 0:05:51]} Kf6
{[%clk 0:02:56]} 40. g3 {[%clk 0:03:44]} Rc8 {[%clk 0:03:04]} 41. Re3
{[%clk 0:02:57]} Rc5 {[%clk 0:03:13]} 1/2-1/2

[Event "Uppvarmning"]
[Site "?"]
[Date "2012.08.28"]
[Round "1.4"]
[White "Gunnarsson, Johan"]
[Black "Garner, Mårten"]
[Result "0-1"]
[LiveChessVersion "1.3.1"]
[BlackElo "1838"]
[WhiteElo "1100"]

1. c4 e6 2. e4 d5 3. Nc3 d4 4. Nce2 c5 5. Nf3 Nf6 6. Ng3 Nc6 7. Be2 Bd6 8. O-O
Bxg3 9. fxg3 Nxe4 10. d3 Nf6 11. Ng5 O-O 12. Qb3 h6 13. Ne4 Nxe4 14. dxe4 Ne5 15.
Qb5 b6 16. Bf4 Ng6 17. Rad1 Bb7 18. e5 Qc7 19. b4 Nxe5 20. bxc5 bxc5 21. Bg4 a6
22. Bxe5 axb5 23. Bxc7 bxc4 24. Rd2 c3 25. Rc2 Be4 26. Rcf2 d3 27. Bf4 c2 28. Ra1
Ra5 29. a4 c4 30. Bd2 Ra7 31. a5 Rb7 32. Bf3 Rb1+ 33. Rf1 Bxf3 34. gxf3 Rfb8 35.
a6 Rxa1 36. Rxa1 Rb1+ 37. Rxb1 cxb1=Q+ 38. Kf2 Qb6+ 39. Ke1 Qxa6 40. h4 Qc6 41.
f4 c3 42. Bc1 Qg2 43. Be3 Qe2# 0-1

[Event "Uppvarmning"]
[Site "?"]
[Date "2012.08.28"]
[Round "1.5"]
[White "Loborg, Markus"]
[Black "Qwarfort, Fredrik"]
[Result "0-1"]
[LiveChessVersion "1.3.1"]
[BlackElo "1820"]
[WhiteElo "1100"]

1. e4 d6 2. Nf3 Nf6 3. Nc3 g6 4. Bc4 Bg7 5. Nb5 Nxe4 6. O-O O-O 7. d3 Nf6 8. Qe2
a6 9. Nc3 d5 10. Bb3 c5 11. Bg5 e6 12. Rae1 b5 13. a3 Bb7 14. Qe5 Nc6 15. Qf4 Qb8
16. Qxb8 Raxb8 17. Re2 Na5 18. Ne5 Nxb3 19. cxb3 Rbd8 20. a4 b4 21. Nd1 Rc8 22.
Ne3 h6 23. Bxf6 Bxf6 24. Nd7 Bg7 25. Nxf8 Kxf8 26. Ng4 a5 27. Re3 Bd4 28. Rh3 h5
29. Nh6 Kg7 30. g4 Kxh6 31. gxh5 gxh5 32. Rf3 Rg8+ 33. Kh1 f5 34. Re1 Rg6 35. Rf4
Bxb2 36. f3 Kg5 37. Rxf5+ Kxf5 38. h4 d4 39. Rg1 Bxf3+ 40. Kh2 Rxg1 41. Kxg1 Be2
42. Kh1 Kg5 0-1

[Event "Uppvarmning"]
[Site "?"]
[Date "2012.08.28"]
[Round "1.1"]
[White "Grundel, Sam"]
[Black "Halvarsson, Peter"]
[Result "1-0"]
[LiveChessVersion "1.3.1"]
[BlackElo "1958"]
[WhiteElo "1670"]

1. e4 {[%clk 0:20:15]} c5 {[%clk 0:20:19]} 2. Nf3 {[%clk 0:20:23]} Nc6
{[%clk 0:20:28]} 3. d4 {[%clk 0:20:32]} cxd4 {[%clk 0:20:37]} 4. Nxd4
{[%clk 0:20:40]} g6 {[%clk 0:20:45]} 5. c4 {[%clk 0:20:06]} Bg7 {[%clk 0:20:53]}
6. Nc2 {[%clk 0:20:02]} d6 {[%clk 0:20:59]} 7. Nc3 {[%clk 0:20:05]} Nf6
{[%clk 0:20:09]} 8. Be2 {[%clk 0:19:59]} Be6 {[%clk 0:20:09]} 9. O-O
{[%clk 0:19:23]} O-O {[%clk 0:19:48]} 10. Be3 {[%clk 0:19:30]} Ne5
{[%clk 0:19:40]} 11. b3 {[%clk 0:19:11]} b6 {[%clk 0:15:26]} 12. Nd4
{[%clk 0:18:21]} Bd7 {[%clk 0:15:34]} 13. h3 {[%clk 0:17:33]} Qc8
{[%clk 0:15:00]} 14. Nd5 {[%clk 0:12:50]} Nxd5 {[%clk 0:14:11]} 15. exd5
{[%clk 0:12:22]} f5 {[%clk 0:12:44]} 16. Qd2 {[%clk 0:11:52]} Nf7
{[%clk 0:12:00]} 17. Rac1 {[%clk 0:11:42]} Kh8 {[%clk 0:09:37]} 18. Bf3
{[%clk 0:11:31]} Ne5 {[%clk 0:09:00]} 19. Be2 {[%clk 0:11:08]} Qe8
{[%clk 0:09:08]} 20. Rfe1 {[%clk 0:09:40]} Rg8 {[%clk 0:05:41]} 21. f4
{[%clk 0:04:08]} Nf7 {[%clk 0:05:45]} 22. Bf3 {[%clk 0:03:39]} Rc8
{[%clk 0:05:37]} 23. Bf2 {[%clk 0:01:16]} Bf6 {[%clk 0:05:43]} 24. Ne6
{[%clk 0:01:04]} Nd8 {[%clk 0:05:05]} 25. Nxd8 {[%clk 0:01:00]} Rxd8
{[%clk 0:04:58]} 26. Bd4 {[%clk 0:00:43]} Qf8 {[%clk 0:05:07]} 27. Qc3
{[%clk 0:00:37]} Bxd4+ {[%clk 0:04:07]} 28. Qxd4+ {[%clk 0:00:46]} Qg7
{[%clk 0:04:17]} 29. Qe3 {[%clk 0:00:32]} Rde8 {[%clk 0:04:13]} 30. Rc2
{[%clk 0:00:38]} Qf6 {[%clk 0:03:48]} 31. Rce2 {[%clk 0:00:29]} Rg7
{[%clk 0:03:57]} 32. Qc1 {[%clk 0:00:34]} Qd4+ {[%clk 0:03:51]} 33. Kh1
{[%clk 0:00:40]} a5 {[%clk 0:03:50]} 34. Qe3 {[%clk 0:00:36]} Qxe3
{[%clk 0:03:53]} 35. Rxe3 {[%clk 0:00:45]} Kg8 {[%clk 0:03:53]} 36. a3
{[%clk 0:00:54]} Kf8 {[%clk 0:03:59]} 37. Rc1 {[%clk 0:00:20]} Rc8
{[%clk 0:04:01]} 38. Rec3 {[%clk 0:00:27]} Kf7 {[%clk 0:02:50]} 39. b4
{[%clk 0:00:35]} a4 {[%clk 0:02:59]} 40. c5 {[%clk 0:00:40]} dxc5
{[%clk 0:02:24]} 41. bxc5 {[%clk 0:00:49]} bxc5 {[%clk 0:02:22]} 42. Rxc5
{[%clk 0:00:58]} Rxc5 {[%clk 0:02:31]} 43. Rxc5 {[%clk 0:01:07]} Rg8
{[%clk 0:02:34]} 44. Bd1 {[%clk 0:00:35]} Rb8 {[%clk 0:02:36]} 45. Kh2
{[%clk 0:00:44]} Rb1 {[%clk 0:02:00]} 46. Bc2 {[%clk 0:00:53]} Ra1
{[%clk 0:01:40]} 47. Rc7 {[%clk 0:00:22]} Ke8 {[%clk 0:01:44]} 48. Rc3
{[%clk 0:00:22]} Kd8 {[%clk 0:01:54]} 49. Kg3 {[%clk 0:00:22]} Be8
{[%clk 0:01:46]} 50. Kf2 {[%clk 0:00:13]} Ra2 {[%clk 0:01:50]} 51. Ke3
{[%clk 0:00:20]} Bf7 {[%clk 0:01:54]} 52. g4 {[%clk 0:00:18]} fxg4
{[%clk 0:01:18]} 53. hxg4 {[%clk 0:00:27]} Bxd5 {[%clk 0:00:51]} 54. Bxa4
{[%clk 0:00:36]} e6 {[%clk 0:00:37]} 55. Bc2 {[%clk 0:00:25]} Kd7
{[%clk 0:00:32]} 56. f5 {[%clk 0:00:24]} gxf5 {[%clk 0:00:18]} 57. gxf5
{[%clk 0:00:34]} h5 {[%clk 0:00:19]} 58. f6 {[%clk 0:00:20]} Kd6 {[%clk 0:00:21]}
59. f7 {[%clk 0:00:20]} Ke7 {[%clk 0:00:28]} 60. Bg6 {[%clk 0:00:15]} Rh2
{[%clk 0:00:13]} 61. Rc7+ {[%clk 0:00:19]} Kf6 {[%clk 0:00:21]} 62. f8=Q+
{[%clk 0:00:23]} Kxg6 {[%clk 0:00:30]} 63. Qf7+ {[%clk 0:00:21]} Kg5
{[%clk 0:00:39]} 64. Qg7+ {[%clk 0:00:23]} Kh4 {[%clk 0:00:43]} 65. Qe5
{[%clk 0:00:24]} Rh3+ {[%clk 0:00:38]} 66. Kf2 {[%clk 0:00:18]} Rf3+
{[%clk 0:00:44]} 67. Ke2 {[%clk 0:00:27]} Rf5 {[%clk 0:00:47]} 68. Qd4+
{[%clk 0:00:35]} Kh3 {[%clk 0:00:42]} 69. Rc3+ {[%clk 0:00:38]} Kh2
{[%clk 0:00:49]} 70. Qh4+ {[%clk 0:00:38]} Kg1 {[%clk 0:00:51]} 71. Qg3+
{[%clk 0:00:19]} Bg2 {[%clk 0:00:56]} 72. Rc1+ {[%clk 0:00:26]} Rf1
{[%clk 0:01:02]} 73. Rxf1# {[%clk 0:00:34]} 1-0

[Event "Uppvarmning"]
[Site "?"]
[Date "2012.08.28"]
[Round "2.1"]
[White "Pettersson, Börje"]
[Black "Andersson, Stefan"]
[Result "1/2-1/2"]
[LiveChessVersion "1.3.1"]
[BlackElo "1782"]
[WhiteElo "1922"]

1. Nc3 {[%clk 0:20:18]} e5 {[%clk 0:20:15]} 2. Nf3 {[%clk 0:20:21]} Nc6
{[%clk 0:20:18]} 3. e4 {[%clk 0:20:14]} d6 {[%clk 0:20:11]} 4. h3
{[%clk 0:19:44]} Be6 {[%clk 0:19:58]} 5. d4 {[%clk 0:19:43]} exd4
{[%clk 0:20:05]} 6. Nxd4 {[%clk 0:19:50]} Qd7 {[%clk 0:20:00]} 7. Bb5
{[%clk 0:19:26]} Nge7 {[%clk 0:19:56]} 8. f4 {[%clk 0:18:11]} f5 {[%clk 0:19:27]}
9. exf5 {[%clk 0:17:36]} Nxf5 {[%clk 0:19:18]} 10. Nxf5 {[%clk 0:15:18]} Bxf5
{[%clk 0:19:27]} 11. Qe2+ {[%clk 0:15:10]} Qe6 {[%clk 0:18:23]} 12. Qxe6+
{[%clk 0:14:32]} Bxe6 {[%clk 0:18:33]} 13. Be3 {[%clk 0:14:20]} O-O-O
{[%clk 0:17:36]} 14. O-O-O {[%clk 0:13:40]} a6 {[%clk 0:17:23]} 15. Bd3
{[%clk 0:13:08]} g6 {[%clk 0:16:58]} 16. a3 {[%clk 0:12:34]} Bg7 {[%clk 0:16:56]}
17. Ne4 {[%clk 0:12:42]} Rhe8 {[%clk 0:16:30]} 18. Ng5 {[%clk 0:12:03]} Bg8
{[%clk 0:16:29]} 19. Rhe1 {[%clk 0:12:00]} Re7 {[%clk 0:14:46]} 20. Bf2
{[%clk 0:11:29]} Rde8 {[%clk 0:14:47]} 21. f5 {[%clk 0:11:20]} h6
{[%clk 0:13:54]} 22. Nf3 {[%clk 0:10:25]} g5 {[%clk 0:13:36]} 23. g4
{[%clk 0:10:15]} Bd5 {[%clk 0:13:18]} 24. Rxe7 {[%clk 0:10:10]} Rxe7
{[%clk 0:13:27]} 25. Nd2 {[%clk 0:09:06]} Nd4 {[%clk 0:12:07]} 26. c3
{[%clk 0:07:54]} Ne2+ {[%clk 0:11:49]} 27. Kc2 {[%clk 0:06:14]} Nf4
{[%clk 0:11:48]} 28. Bf1 {[%clk 0:06:22]} Bc6 {[%clk 0:11:19]} 29. h4
{[%clk 0:06:24]} Ng2 {[%clk 0:09:52]} 30. hxg5 {[%clk 0:06:22]} hxg5
{[%clk 0:10:01]} 31. Nc4 {[%clk 0:05:57]} b5 {[%clk 0:09:29]} 32. Na5
{[%clk 0:05:50]} Bf3 {[%clk 0:09:18]} 33. Rd2 {[%clk 0:04:15]} Ne3+
{[%clk 0:08:41]} 34. Bxe3 {[%clk 0:04:16]} Rxe3 {[%clk 0:08:50]} 35. Rf2
{[%clk 0:03:32]} Bxg4 {[%clk 0:08:34]} 36. f6 {[%clk 0:03:41]} Bf8
{[%clk 0:08:44]} 37. a4 {[%clk 0:03:31]} Rf3 {[%clk 0:07:01]} 38. Rxf3
{[%clk 0:03:28]} Bxf3 {[%clk 0:07:10]} 39. axb5 {[%clk 0:03:37]} axb5
{[%clk 0:07:19]} 40. Bxb5 {[%clk 0:03:44]} g4 {[%clk 0:07:17]} 41. Nc6
{[%clk 0:03:44]} g3 {[%clk 0:07:07]} 42. Nd4 {[%clk 0:03:46]} Bh5
{[%clk 0:07:00]} 43. Bc6 {[%clk 0:03:39]} Bh6 {[%clk 0:06:39]} 44. Kd3
{[%clk 0:02:56]} Bg5 {[%clk 0:06:25]} 45. Ne2 {[%clk 0:01:09]} Bg6+
{[%clk 0:04:41]} 46. Be4 {[%clk 0:00:57]} 1/2-1/2

[Event "Uppvarmning"]
[Site "?"]
[Date "2012.08.28"]
[Round "2.2"]
[White "Garner, Mårten"]
[Black "Grundel, Sam"]
[Result "0-1"]
[LiveChessVersion "1.3.1"]
[BlackElo "1670"]
[WhiteElo "1838"]

1. d4 {[%clk 0:20:17]} d5 {[%clk 0:20:05]} 2. c4 {[%clk 0:20:24]} c6
{[%clk 0:20:13]} 3. Nf3 {[%clk 0:20:31]} Nf6 {[%clk 0:20:21]} 4. Nc3
{[%clk 0:20:40]} dxc4 {[%clk 0:20:29]} 5. a4 {[%clk 0:20:48]} Bf5
{[%clk 0:20:37]} 6. e3 {[%clk 0:20:52]} Nbd7 {[%clk 0:20:32]} 7. Bxc4
{[%clk 0:20:58]} e6 {[%clk 0:20:40]} 8. O-O {[%clk 0:21:01]} Be7 {[%clk 0:20:26]}
9. Qe2 {[%clk 0:21:05]} O-O {[%clk 0:20:16]} 10. e4 {[%clk 0:21:03]} Bg6
{[%clk 0:20:15]} 11. Re1 {[%clk 0:21:03]} Rc8 {[%clk 0:19:49]} 12. Bd3
{[%clk 0:20:02]} c5 {[%clk 0:19:22]} 13. e5 {[%clk 0:18:45]} Bxd3
{[%clk 0:18:06]} 14. Qxd3 {[%clk 0:18:52]} Nd5 {[%clk 0:18:00]} 15. Bd2
{[%clk 0:17:35]} Nb4 {[%clk 0:15:31]} 16. Qe4 {[%clk 0:16:44]} cxd4
{[%clk 0:15:23]} 17. Nxd4 {[%clk 0:16:03]} Nc5 {[%clk 0:15:26]} 18. Qe3
{[%clk 0:13:53]} Ncd3 {[%clk 0:13:15]} 19. Reb1 {[%clk 0:10:31]} Bc5
{[%clk 0:12:24]} 20. Nce2 {[%clk 0:10:39]} Qb6 {[%clk 0:08:30]} 21. Bxb4
{[%clk 0:10:05]} Nxb4 {[%clk 0:08:36]} 22. a5 {[%clk 0:09:12]} Qc7
{[%clk 0:06:14]} 23. Qe4 {[%clk 0:08:58]} Rfd8 {[%clk 0:05:23]} 24. Rc1
{[%clk 0:08:31]} Qe7 {[%clk 0:05:26]} 25. Nf3 {[%clk 0:07:57]} Nd3
{[%clk 0:05:15]} 26. Rf1 {[%clk 0:07:01]} Rc7 {[%clk 0:04:40]} 27. Rab1
{[%clk 0:06:26]} b6 {[%clk 0:01:43]} 28. axb6 {[%clk 0:06:19]} Bxb6
{[%clk 0:01:51]} 29. Nf4 {[%clk 0:05:57]} Nxf4 {[%clk 0:00:49]} 30. Qxf4
{[%clk 0:06:06]} Rc2 {[%clk 0:00:56]} 31. Qe4 {[%clk 0:05:40]} Qc5
{[%clk 0:00:19]} 32. Ng5 {[%clk 0:05:21]} g6 {[%clk 0:00:28]} 33. Nh3
{[%clk 0:05:26]} Rdd2 {[%clk 0:00:17]} 34. Qf4 {[%clk 0:05:14]} Qf8
{[%clk 0:00:15]} 35. b4 {[%clk 0:04:26]} Qg7 {[%clk 0:00:16]} 36. Rbd1
{[%clk 0:04:13]} Rxd1 {[%clk 0:00:12]} 37. Rxd1 {[%clk 0:04:22]} h5
{[%clk 0:00:19]} 38. g3 {[%clk 0:03:15]} Re2 {[%clk 0:00:20]} 39. Ng5
{[%clk 0:02:18]} Rxf2 {[%clk 0:00:15]} 40. Rd8+ {[%clk 0:02:27]} Bxd8
{[%clk 0:00:23]} 41. Qxf2 {[%clk 0:02:36]} Bb6 {[%clk 0:00:32]} 0-1

[Event "Uppvarmning"]
[Site "?"]
[Date "2012.08.28"]
[Round "2.3"]
[White "Qwarfort, Fredrik"]
[Black "Ståhlberg, Adam"]
[Result "0-1"]
[LiveChessVersion "1.3.1"]
[BlackElo "1958"]
[WhiteElo "1820"]

1. d4 Nf6 2. c4 e6 3. Nf3 Bb4+ 4. Bd2 Qe7 5. Nc3 b6 6. g3 Bb7 7. Bg2 O-O 8. O-O
d6 9. a3 Bxc3 10. Bxc3 Nbd7 11. b4 Rac8 12. Qb3 Rfd8 13. Nd2 Bxg2 14. Kxg2 c5 15.
Rac1 Nb8 16. e4 cxd4 17. Bxd4 Nc6 18. Be3 Ng4 19. Rfe1 Nce5 20. Bd4 Nc6 21. Bb2
Qb7 22. h3 Nge5 23. f4 Ng6 24. Nf3 e5 25. f5 Nf8 26. Qe3 h6 27. Red1 Nh7 28. Rd3
Ne7 29. Kh2 Nxf5 30. exf5 e4 31. Rd5 exf3 32. Qxf3 Ng5 33. Qf4 f6 34. h4 Nf7 35.
g4 Re8 36. Rc2 Qxd5 37. cxd5 Rxc2+ 38. Kg3 Rxb2 39. g5 hxg5 40. hxg5 Nxg5 41. Qc1
Rb3+ 42. Kf2 Rf3+ 43. Kg2 Re2+ 44. Kg1 Nh3+ 45. Kh1 Rff2 46. Qc8+ Kh7 47. Qh8+
Kxh8 0-1

[Event "Uppvarmning"]
[Site "?"]
[Date "2012.08.28"]
[Round "2.4"]
[White "Halvarsson, Peter"]
[Black "Tchonnikine, Nicolas"]
[Result "1-0"]
[LiveChessVersion "1.3.1"]
[BlackElo "1570"]
[WhiteElo "1958"]

1. e4 e6 2. d4 d5 3. Nd2 c5 4. exd5 exd5 5. Bb5+ Bd7 6. a4 Nf6 7. Ngf3 Qb6 8.
Qe2+ Be7 9. dxc5 Qxc5 10. Nb3 Qd6 11. Be3 Ne4 12. c3 O-O 13. Bd3 Nc6 14. Nbd4 Qg6
15. g3 Bh3 16. Nxc6 bxc6 17. Nd2 Qe6 18. f3 Nc5 19. Bc2 Bf5 20. Bxf5 Qxf5 21. O-O
Rfe8 22. Qg2 Nd3 23. Nb3 Rab8 24. Nd4 Qg6 25. b4 Bxb4 26. cxb4 Rxe3 27. Rab1 Rxb4
28. Rxb4 Nxb4 29. Qd2 Re8 30. Qxb4 Rc8 31. Qb7 1-0

[Event "Uppvarmning"]
[Site "?"]
[Date "2012.08.28"]
[Round "2.5"]
[White "Lindström, Jan"]
[Black "Loborg, Markus"]
[Result "1-0"]
[LiveChessVersion "1.3.1"]
[BlackElo "1100"]
[WhiteElo "1544"]

1. e4 e5 2. Nc3 Nf6 3. f4 exf4 4. e5 Ng8 5. d4 Nc6 6. Nf3 f6 7. Bc4 Nge7 8. exf6
gxf6 9. O-O d6 10. Nh4 Rg8 11. Qh5+ Ng6 12. Qd5 Nce7 13. Qf7+ Kd7 14. Nxg6 hxg6
15. Be6+ 1-0

[Event "Uppvarmning"]
[Site "?"]
[Date "2012.08.28"]
[Round "2.6"]
[White "Gunnarsson, Johan"]
[Black "Roginski, Hugo"]
[Result "0-1"]
[LiveChessVersion "1.3.1"]
[BlackElo "1100"]
[WhiteElo "1100"]

1. c4 e5 2. e4 Nf6 3. Nc3 Nc6 4. Nf3 d6 5. Be2 Be7 6. O-O O-O 7. d3 h6 8. Be3 Ng4
9. Qd2 Nxe3 10. Qxe3 Bg4 11. h3 Bxf3 12. Qxf3 Nd4 13. Qe3 Nc2 14. Qd2 Nxa1 15.
Rxa1 Bg5 16. Qc2 f5 17. Qb3 b6 18. exf5 Rxf5 19. c5+ Kh8 20. cxb6 axb6 21. g4 Rf6
22. Ne4 Rf4 23. a3 Qf8 24. Qc2 Rc8 25. b4 Bh4 26. f3 d5 27. Nc3 c6 28. Kg2 d4 29.
Na4 b5 30. Nc5 Qe7 31. Qb3 Qf7 32. Ra2 Qxb3 33. Nxb3 g6 34. Nc5 h5 35. gxh5 gxh5
36. a4 Rg8+ 37. Kf1 bxa4 38. Nxa4 Rg3 39. Bd1 Rxh3 40. Nc5 Rh1+ 41. Ke2 Rh2+ 42.
Ke1 Rxa2+ 43. Ne6 Ra1+ 44. Kf1 Rxd1+ 45. Nxf4 Re1+ 46. Ke2 exf4+ 47. Kd2 Bf2 48.
Kc2 Kg7 49. Kb3 Rc1 0-1